000 01439nam0a22002531 4500
001 rc\724496
005 20260615001456.0
010 _91500
035 _a(NLR Aleph) 005967733
090 _a13731676
_c13731676
100 _a20031121d1990 u |0rusy50 ca
101 0 _arus
102 _aLV
105 _ay |||||||||
200 1 _aПорядок регистрации трудовой деятельности и трудового стажа
_eПракт. пособие для работников юрид. и кадровых служб. отд. труда и заработной платы предприятий, орг., учреждений, кооперативов
_fГ.Т. Ермошин
_gМежотрасл. ин-т повышения квалификации руководящих работников и специалистов при Совете Министров Латв. ССР, Моск. ин-т повышения квалификации руководящих работников и специалистов. Каф. права и работы с кадрами
210 _aРига
_cМИПКРР и С
_d1990
215 _a91 с.
_d20
320 _aБиблиогр.: с. 90 и в подстроч. прим.
700 1 _aЕрмошин
_bГ. Т.
_gГригорий Тимофеевич
801 0 _aRU
_bNLR
_gpsbo
801 1 _aRU
_bELAR
_2rusmarc
852 _aNLR
_j98-4/13679
942 _cBOOK
980 _aNB